Zmeny pri zostavení výkazu komplexného výsledku – návrh novely IAS 1

Dňa 27.5.2010 publikovala IASB návrh ďalšej novely svojich štandardov, štandardu IAS 1.

Gespeichert in:
Bibliographische Detailangaben
1. Verfasser: Tumpach, Miloš, 1970-
Format: Buchkapitel
Sprache:Slowakisch
Schlagworte:
Tags: Tag hinzufügen
Keine Tags, Fügen Sie das erste Tag hinzu!

MARC

LEADER 00000nla$a2200000$$$4500
001 0128742
005 20240502072457.7
041 0 |a slo 
044 |a SK 
245 1 0 |a Zmeny pri zostavení výkazu komplexného výsledku – návrh novely IAS 1  |c Miloš Tumpach 
520 |a Dňa 27.5.2010 publikovala IASB návrh ďalšej novely svojich štandardov, štandardu IAS 1. 
610 2 0 |a štandardy účtovné medzinárodné 
610 2 0 |a novelizácia 
610 2 0 |a náklady 
610 2 0 |a výkazy účtovné 
610 2 0 |a výnosy 
610 2 0 |a IAS 
100 1 |a Tumpach, Miloš, 1970-